UBT Library

Online journalism : (Record no. 1366)

000 -LEADER
fixed length control field 00558nam a22001817a 4500
008 - FIXED-LENGTH DATA ELEMENTS--GENERAL INFORMATION
fixed length control field 151119b xxu||||| |||| 00| 0 eng d
020 ## - INTERNATIONAL STANDARD BOOK NUMBER
International Standard Book Number 9781890871888 (alk. paper)
020 ## - INTERNATIONAL STANDARD BOOK NUMBER
International Standard Book Number 1890871885 (alk. paper)
041 0# - LANGUAGE CODE
Language code of text/sound track or separate title eng
080 ## - UNIVERSAL DECIMAL CLASSIFICATION NUMBER
Universal Decimal Classification number 070.4
100 1# - Rafti
Rafti Foust, James C.
245 10 - TITLE STATEMENT
Title Online journalism :
Statement of responsibility, etc James C. Foust.
250 ## -
-- 2nd ed.
260 ## -
-- Scottsdale, Ariz. :
-- Holcomb Hathaway,
-- c2009.
300 ## -
-- xvi, 272 f. :
-- me ill. ;
-- 24 cm.
650 #0 -
-- Gazetaria online
942 ## - ADDED ENTRY ELEMENTS (KOHA)
Source of classification or shelving scheme
Item type Books
Holdings
Withdrawn status Lost status Source of classification or shelving scheme Damaged status Not for loan Collection code Permanent location Current location Shelving location Date acquired Total Checkouts Full call number Barcode Date last seen Koha item type
          Koleksioni i përgjithshem UBT - Lipjan UBT - Lipjan Koleksioni i përgjithshem 11/19/2015   070.4 FOU 002-008634 11/19/2015 Books
UBT Library © 2015-2024. All rights reserved University Education for Business and Technology